[Event "Philadelphia Open"]
[Site "Philadelphia"]
[Date "2017.04.14"]
[Round "5.3"]
[White "Brodsky, David"]
[Black "Berczes, David"]
[Result "1-0"]
[WhiteElo "2313"]
[BlackElo "2500"]
[PlyCount "153"]
[EventDate "2017.04.??"]
[EventType "swiss"]
[EventRounds "9"]
[EventCountry "USA"]

1. e4 e5 2. Nf3 Nc6 3. Bb5 a6 4. Ba4 Nf6 5. O-O Nxe4 6. d4 b5 7. Bb3 d5 8. dxe5
Be6 9. Nbd2 Be7 10. c3 O-O 11. Bc2 f5 12. Nb3 Qd7 13. Nbd4 Nxd4 14. Nxd4 c5 15.
Nxe6 Qxe6 16. f3 Ng5 17. a4 Rad8 18. axb5 axb5 19. Ra7 g6 20. Kh1 Rd7 21. Rxd7
Qxd7 22. Bxg5 Bxg5 23. b4 c4 24. f4 Bd8 25. Qd4 Qc6 26. Rd1 Bb6 27. Qxd5+ Qxd5
28. Rxd5 Ra8 29. g3 Ra1+ 30. Bd1 Be3 31. Kg2 Ra2+ 32. Kf3 Bg1 33. Be2 Kf8 34.
Rxb5 Rc2 35. Rb8+ Ke7 36. Rc8 Rxc3+ 37. Kg2 Bb6 38. Rxc4 Rb3 39. Bd1 Rd3 40.
Bc2 Rd2+ 41. Kh1 Rf2 42. Bd3 Rd2 43. Bc2 Rf2 44. Rc6 Be3 45. Bd3 Rd2 46. Bf1 g5
47. fxg5 Bxg5 48. b5 Be3 49. Rc7+ Ke6 50. Rxh7 Rf2 51. Bh3 Kxe5 52. Re7+ Kd4
53. b6 f4 54. gxf4 Rb2 55. Bf5 Bxf4 56. Re4+ Kd5 57. Rxf4 Ke5 58. Rf1 Rxb6 59.
Bg4 Rf6 60. Rg1 Rg6 61. h4 Kf6 62. h5 Rg5 63. Kh2 Kg7 64. Kh3 Ra5 65. Rb1 Rc5
66. Kh4 Ra5 67. Rb6 Rc5 68. h6+ Kh8 69. Rf6 Ra5 70. Bf5 Ra8 71. Kg5 Rb8 72. Be6
Rc8 73. Kg6 Re8 74. Kg5 Ra8 75. Rf7 Rg8+ 76. Kf6 Ra8 77. Kg6 1-0

[Event "Philadelphia Open"]
[Site "Philadelphia"]
[Date "2017.04.14"]
[Round "5.4"]
[White "Balakrishnan, Praveen"]
[Black "Sadorra, Julio"]
[Result "1/2-1/2"]
[WhiteElo "2436"]
[BlackElo "2580"]
[PlyCount "41"]
[EventDate "2017.04.??"]
[EventType "swiss"]
[EventRounds "9"]
[EventCountry "USA"]

1. e4 e6 2. d4 d5 3. Nc3 Bb4 4. e5 c5 5. a3 Bxc3+ 6. bxc3 Qa5 7. Bd2 Qa4 8. Qb1
c4 9. Ne2 Nc6 10. Ng3 g6 11. Be2 b6 12. h4 h6 13. Qc1 Bd7 14. h5 g5 15. f4 gxf4
16. Bxf4 O-O-O 17. O-O Rf8 18. Qd2 b5 19. Bg4 Qa5 20. Bh3 Rh7 21. Be3 1/2-1/2

[Event "Philadelphia Open"]
[Site "Philadelphia"]
[Date "2017.04.14"]
[Round "5.5"]
[White "Sevian, Samuel"]
[Black "Vazquez, Guillermo"]
[Result "1-0"]
[WhiteElo "2574"]
[BlackElo "2446"]
[PlyCount "99"]
[EventDate "2017.04.??"]
[EventType "swiss"]
[EventRounds "9"]
[EventCountry "USA"]

1. e4 c5 2. Nf3 e6 3. d4 cxd4 4. Nxd4 Nc6 5. Nc3 Qc7 6. Be2 a6 7. O-O Nf6 8.
Be3 Bb4 9. Na4 Be7 10. Nxc6 bxc6 11. Nb6 Rb8 12. Nxc8 Qxc8 13. e5 Nd5 14. Bc1
Bc5 15. c4 Ne7 16. b3 Qc7 17. Bb2 Ng6 18. Kh1 O-O 19. Bd3 Rfd8 20. Qh5 d6 21.
exd6 Qxd6 22. Rad1 Bd4 23. Bxd4 Qxd4 24. Qa5 Qe5 25. c5 Nf4 26. Bxa6 Rd5 27.
Bc4 Rxd1 28. Rxd1 h5 29. Qd2 Ra8 30. a4 h4 31. Qe3 Qf5 32. Qf3 Qc2 33. Rf1 Nd5
34. h3 Ra5 35. Qg4 Rxc5 36. Qxh4 g6 37. Qd8+ Kg7 38. Qd6 Ra5 39. Qxc6 Nf4 40.
Qf3 Rf5 41. Qe3 g5 42. Rc1 Qa2 43. Qc3+ Kg8 44. Rd1 Kh7 45. Qd2 Qa3 46. g3 Nxh3
47. Bd3 Qxb3 48. Bxf5+ exf5 49. Kg2 g4 50. Qd5 1-0

[Event "Philadelphia Open"]
[Site "Philadelphia"]
[Date "2017.05.14"]
[Round "5.6"]
[White "IM Checa, Nicolas"]
[Black "GM Erenburg, Sergey"]
[Result "1/2-1/2"]
[WhiteElo "2400"]
[BlackElo "2568"]
[PlyCount "50"]
[EventDate "2017.04.??"]
[EventType "swiss"]
[EventRounds "9"]
[EventCountry "USA"]

1. d4 d5 2. Nf3 Nf6 3. c4 c6 4. e3 Bf5 5. Nc3 e6 6. Nh4 Be4 7. f3 Bg6 8. Qb3
Qc7 9. Bd2 Be7 10. Nxg6 hxg6 11. O-O-O a6 12. cxd5 cxd5 13. Kb1 Nc6 14. Rc1 O-O
15. h4 Rfc8 16. g4 b5 17. Qd1 Qd8 18. g5 Nh5 19. Ne2 Qf8 20. Bh3 Bb4 21. Qe1
Bxd2 22. Qxd2 Qd6 23. Bg4 Ne7 24. f4 Rc4 25. b3 Rcc8 1/2-1/2

[Event "Philadelphia Open"]
[Site "Philadelphia"]
[Date "2017.04.14"]
[Round "5.7"]
[White "Barbosa, Oliver"]
[Black "Molner, Mackenzie S"]
[Result "1/2-1/2"]
[WhiteElo "2509"]
[BlackElo "2450"]
[PlyCount "38"]
[EventDate "2017.04.??"]
[EventType "swiss"]
[EventRounds "9"]
[EventCountry "USA"]

1. Nf3 c5 2. c4 Nc6 3. e3 e6 4. d4 d5 5. Nc3 Nf6 6. a3 a6 7. dxc5 Bxc5 8. b4
Bd6 9. cxd5 exd5 10. Bb2 O-O 11. Be2 Bg4 12. Nd4 Bxe2 13. Ncxe2 a5 14. b5 Ne5
15. Nf5 Nc4 16. Nxd6 Qxd6 17. Bxf6 Qxf6 18. O-O Rfd8 19. a4 Rac8 1/2-1/2

[Event "Philadelphia Open"]
[Site "Philadelphia"]
[Date "2017.04.14"]
[Round "5.8"]
[White "Panchanathan, Magesh"]
[Black "Markzon, Gregory"]
[Result "1-0"]
[WhiteElo "2494"]
[BlackElo "2188"]
[PlyCount "77"]
[EventDate "2017.04.??"]
[EventType "swiss"]
[EventRounds "9"]
[EventCountry "USA"]

1. d4 Nf6 2. Nf3 g6 3. g3 Bg7 4. Bg2 O-O 5. O-O d6 6. a4 c6 7. a5 Na6 8. c3 Qc7
9. Re1 e5 10. e4 Re8 11. Nbd2 h6 12. Bf1 Be6 13. Qc2 Rad8 14. dxe5 dxe5 15. Nc4
Bg4 16. Nfd2 Qc8 17. f3 Bh3 18. Bxh3 Qxh3 19. Nf1 Bf8 20. b4 Qe6 21. Nb2 Nc7
22. Na4 Nb5 23. Be3 Nh7 24. Qa2 Qxa2 25. Rxa2 Rd3 26. Rc1 Red8 27. Kf2 h5 28.
Ke2 a6 29. Rd2 Rxd2+ 30. Nxd2 Be7 31. Nb3 Nf8 32. Nbc5 Rb8 33. f4 Bxc5 34. Nxc5
Ne6 35. Nxe6 fxe6 36. fxe5 Rd8 37. Bc5 Rd7 38. Ke3 Nc7 39. c4 1-0

[Event "Philadelphia Open"]
[Site "Philadelphia"]
[Date "2017.04.14"]
[Round "5.9"]
[White "Hong, Andrew"]
[Black "Troff, Kayden W"]
[Result "1/2-1/2"]
[WhiteElo "2378"]
[BlackElo "2492"]
[PlyCount "50"]
[EventDate "2017.04.??"]
[EventType "swiss"]
[EventRounds "9"]
[EventCountry "USA"]

1. e4 c5 2. Nf3 d6 3. d4 cxd4 4. Nxd4 Nf6 5. Nc3 a6 6. h3 e5 7. Nde2 h5 8. g3
Be6 9. Bg2 Nbd7 10. a4 Be7 11. O-O O-O 12. b3 Rc8 13. a5 Nb8 14. Be3 Qd7 15.
Kh2 Bd8 16. f4 Bg4 17. Nd5 Nxd5 18. exd5 Rc3 19. Qd2 Bxe2 20. Qxc3 Bxf1 21.
Rxf1 e4 22. Bxe4 Qb5 23. Rf2 Re8 24. Bf3 Bxa5 25. Qd4 Rxe3 1/2-1/2

[Event "Philadelphia Open"]
[Site "Philadelphia"]
[Date "2017.04.14"]
[Round "5.10"]
[White "Kretchetov, Alexandre"]
[Black "Paragua, Mark C"]
[Result "0-1"]
[WhiteElo "2242"]
[BlackElo "2521"]
[PlyCount "60"]
[EventDate "2017.04.??"]
[EventType "swiss"]
[EventRounds "9"]
[EventCountry "USA"]

1. d4 Nf6 2. c4 g6 3. Nc3 Bg7 4. e4 d6 5. Nf3 O-O 6. h3 e5 7. d5 Na6 8. Be3 Nh5
9. g3 Qe8 10. Be2 f5 11. exf5 gxf5 12. Nh4 Nf6 13. Qd2 Nc5 14. f3 Nh5 15. Bf2
f4 16. g4 Ng3 17. Bxg3 fxg3 18. O-O Qe7 19. Ng2 e4 20. fxe4 Bd7 21. Rxf8+ Rxf8
22. Rf1 Rxf1+ 23. Bxf1 h5 24. gxh5 Bxh3 25. Qe3 Be5 26. b4 Qf6 27. Ne2 Nd3 28.
a3 b6 29. Ngf4 Bxf4 30. Qxd3 Be3+ 0-1

[Event "Philadelphia Open"]
[Site "Philadelphia"]
[Date "2017.04.14"]
[Round "5.11"]
[White "Li, Ben"]
[Black "Burke, John Michael"]
[Result "1/2-1/2"]
[WhiteElo "2230"]
[BlackElo "2492"]
[PlyCount "111"]
[EventDate "2017.04.??"]
[EventType "swiss"]
[EventRounds "9"]
[EventCountry "USA"]

1. d4 d5 2. Nf3 Nf6 3. c4 c6 4. e3 Bf5 5. Nc3 e6 6. Nh4 Be4 7. Qb3 Qc7 8. f3
Bg6 9. Nxg6 hxg6 10. Bd2 Be7 11. O-O-O a6 12. Kb1 dxc4 13. Bxc4 b5 14. Bd3 c5
15. dxc5 Nbd7 16. Ne4 Nxe4 17. Bxe4 Nxc5 18. Qc3 Bf6 19. Qa5 Qxa5 20. Bc6+ Ke7
21. Bxa5 Rac8 22. b4 Na4 23. Rd7+ Kf8 24. Bb7 Nc3+ 25. Kc2 Rc4 26. Rc7 Nd5+ 27.
Rxc4 Nxe3+ 28. Kd3 Nxc4 29. g4 Ke7 30. Bxa6 Nd6 31. Bc7 Ra8 32. Bxd6+ Kxd6 33.
Bxb5 Rxa2 34. Be8 Ra3+ 35. Ke2 Ke7 36. Bc6 Rb3 37. b5 Bd4 38. h4 f5 39. Rd1 e5
40. Rd3 Rb1 41. Rd1 Rb4 42. Rd3 Kd6 43. Rd1 e4 44. gxf5 gxf5 45. fxe4 f4 46. h5
Ke6 47. h6 gxh6 48. Rh1 Rb2+ 49. Kf3 Rf2+ 50. Kg4 Be3 51. Rxh6+ Ke5 52. Rh5+
Kf6 53. Rf5+ Ke7 54. b6 Bxb6 55. Rxf4 Rxf4+ 56. Kxf4 1/2-1/2

[Event "Philadelphia Open"]
[Site "Philadelphia"]
[Date "2017.04.14"]
[Round "5.12"]
[White "Santarius, Erik"]
[Black "Mulyar, Michael A"]
[Result "1/2-1/2"]
[WhiteElo "2313"]
[BlackElo "2390"]
[PlyCount "49"]
[EventDate "2017.04.??"]
[EventType "swiss"]
[EventRounds "9"]
[EventCountry "USA"]

1. e4 e5 2. Nf3 Nc6 3. Bb5 a6 4. Ba4 Nf6 5. O-O b5 6. Bb3 Bc5 7. a4 Rb8 8. axb5
axb5 9. Nxe5 Nxe5 10. d4 Bxd4 11. Qxd4 d6 12. f4 Nc6 13. Qc3 Ne7 14. Ra7 c5 15.
e5 Nfd5 16. Bxd5 Nxd5 17. Qd2 Rb7 18. Rxb7 Bxb7 19. exd6 O-O 20. Nc3 Qxd6 21.
Rd1 Rd8 22. Nxb5 Qb6 23. c4 Rd7 24. Qe2 Nf6 25. Rxd7 1/2-1/2

[Event "Philadelphia Open"]
[Site "Philadelphia"]
[Date "2017.04.14"]
[Round "5.13"]
[White "Thavandiran, Shiyam"]
[Black "Nyamdorj, Davaa-ochir"]
[Result "1-0"]
[WhiteElo "2375"]
[BlackElo "2082"]
[PlyCount "99"]
[EventDate "2017.04.??"]
[EventType "swiss"]
[EventRounds "9"]
[EventCountry "USA"]

1. e4 e5 2. Bc4 Nf6 3. d3 c6 4. Nf3 d5 5. Bb3 Bb4+ 6. Bd2 Bd6 7. Nc3 d4 8. Ne2
O-O 9. O-O Be6 10. Bxe6 fxe6 11. Nexd4 exd4 12. e5 Be7 13. exf6 gxf6 14. Qe2
Qd5 15. Rae1 e5 16. Nh4 Qe6 17. f4 Nd7 18. Qh5 Rf7 19. fxe5 Nxe5 20. Nf5 Bf8
21. Nxd4 Qd5 22. Nf5 Kh8 23. Bc3 Bc5+ 24. d4 Rg8 25. Qe2 Bb6 26. Kh1 Ng6 27.
Qe6 Rd8 28. Qxd5 Rxd5 29. Re8+ Rf8 30. Rxf8+ Nxf8 31. Ne3 Rd7 32. Rxf6 Kg8 33.
Nf5 Ng6 34. g3 Rd5 35. Rxg6+ hxg6 36. Ne7+ Kf7 37. Nxd5 cxd5 38. Kg2 Kf6 39.
Kf3 a6 40. Kg4 Ba7 41. a4 b5 42. axb5 axb5 43. Bd2 Bxd4 44. Bc3 Ke5 45. Bxd4+
Kxd4 46. Kf3 b4 47. Ke2 Ke4 48. h4 Kf5 49. Kf3 Ke5 50. g4 1-0

[Event "Philadelphia Open"]
[Site "Philadelphia"]
[Date "2017.04.14"]
[Round "5.14"]
[White "Shen, Christopher Yu-shuo"]
[Black "Haubro, Martin"]
[Result "1/2-1/2"]
[WhiteElo "2200"]
[BlackElo "2355"]
[PlyCount "59"]
[EventDate "2017.04.??"]
[EventType "swiss"]
[EventRounds "9"]
[EventCountry "USA"]

1. c4 e5 2. g3 Nf6 3. Bg2 d5 4. cxd5 Nxd5 5. Nc3 Nb6 6. Nf3 Nc6 7. O-O Be7 8.
d3 O-O 9. a3 Be6 10. b4 a6 11. Bb2 f6 12. Ne4 Bd5 13. Qc2 a5 14. b5 Na7 15. a4
c6 16. Bc3 Nd7 17. Qb2 cxb5 18. axb5 b6 19. Rfc1 Rc8 20. g4 Nc5 21. Nxc5 Rxc5
22. g5 Rxb5 23. Qd2 fxg5 24. e4 Be6 25. Nxe5 Bd6 26. d4 Bxe5 27. dxe5 Nc6 28.
Qd6 Qxd6 29. exd6 Rc5 30. Bb2 1/2-1/2

[Event "Philadelphia Open"]
[Site "Philadelphia"]
[Date "2017.04.14"]
[Round "5.15"]
[White "Wang, Jason Yuyang"]
[Black "Shimanov, Alex"]
[Result "0-1"]
[WhiteElo "2026"]
[BlackElo "2650"]
[PlyCount "82"]
[EventDate "2017.04.??"]
[EventType "swiss"]
[EventRounds "9"]
[EventCountry "USA"]

1. d4 d5 2. c4 Nc6 3. cxd5 Qxd5 4. e3 e5 5. Nc3 Bb4 6. Bd2 Bxc3 7. bxc3 Nf6 8.
c4 Qd6 9. d5 Nb8 10. Qb1 Na6 11. e4 Nc5 12. f3 O-O 13. Ne2 Nh5 14. Nc3 f5 15.
Be3 fxe4 16. Nxe4 Nxe4 17. fxe4 Qg6 18. Qc2 Nf4 19. O-O-O Bg4 20. Re1 c6 21.
Bxf4 Rxf4 22. Bd3 Qh6 23. Kb1 Raf8 24. h3 Bd7 25. Rhf1 Qh4 26. Kb2 Rf2 27. Rxf2
Rxf2 28. Re2 Rf6 29. Qc3 Qf4 30. Qa5 Rf8 31. Qxa7 Qf6 32. Qb6 Ra8 33. Rf2 Qe7
34. c5 cxd5 35. exd5 e4 36. Bc2 Qe5+ 37. Kb1 e3 38. Re2 Rf8 39. Qb4 Rf1+ 40.
Re1 e2 41. Qd2 Qg3 0-1

[Event "Philadelphia Open"]
[Site "Philadelphia"]
[Date "2017.04.14"]
[Round "5.17"]
[White "Sarkar, Justin Joey"]
[Black "Paciorkowski, Lev"]
[Result "0-1"]
[WhiteElo "2390"]
[BlackElo "2158"]
[Annotator "Hater,David"]
[PlyCount "152"]
[EventDate "2017.04.??"]
[EventType "swiss"]
[EventRounds "9"]
[EventCountry "USA"]

1. e4 c5 2. Nf3 e6 3. d4 cxd4 4. Nxd4 a6 5. Bd3 Nf6 6. O-O Qc7 7. Qe2 d6 8. c4
Be7 9. Nc3 Nc6 10. Be3 Ne5 11. f3 h5 12. Rac1 b6 13. Bb1 Bb7 14. b3 Rc8 15. Nd5
exd5 16. cxd5 Qd7 17. Rxc8+ Bxc8 18. f4 Neg4 19. Bd2 O-O 20. h3 Nh6 21. Nc6 Bb7
22. Nxe7+ Qxe7 23. Qd3 Re8 24. Re1 Nd7 25. Bc3 f6 26. b4 Nf8 27. a4 Qd7 28. Bc2
Kh8 29. Bb3 Ng6 30. Qf3 h4 31. Bd4 b5 32. a5 Qf7 33. Re2 Ne7 34. f5 Nexf5 35.
exf5 Rxe2 36. Qxe2 Nxf5 37. Bf2 g6 38. Qe4 Kg7 39. Kh2 Qe7 40. Bc2 Qxe4 41.
Bxe4 Ne7 42. Bxh4 Bxd5 43. Bc2 Nc6 44. Be1 f5 45. Bc3+ Kf7 46. h4 Be4 47. Bb3+
d5 48. Kg3 Ke7 49. Kf2 d4 50. Bd2 Ne5 51. g3 Nc4 52. Bf4 Ke6 53. Ke2 Kd5 54.
Ke1 Bd3 55. Bd1 Be4 56. Bb3 Bf3 57. Kf2 Bg4 58. Bc2 Bh5 59. Bb1 Bd1 60. Ke1 Bf3
61. Ba2 Ke4 62. Bb1+ d3 63. Bg5 Na3 64. Ba2 Nc2+ 65. Kd2 Nxb4 66. Bf7 Bh5 67.
Be6 Nc6 68. Bc8 Nxa5 69. Bxa6 Nc4+ 70. Kc3 d2 71. Bxd2 Nxd2 72. Kxd2 b4 73.
Bb7+ Kd4 74. Bc6 b3 75. Be8 b2 76. Kc2 Ke3 0-1

[Event "Philadelphia Open"]
[Site "Philadelphia"]
[Date "2017.04.14"]
[Round "5.18"]
[White "Eswaran, Ashritha"]
[Black "Ippolito, Dean"]
[Result "0-1"]
[WhiteElo "2162"]
[BlackElo "2365"]
[PlyCount "70"]
[EventDate "2017.04.??"]
[EventType "swiss"]
[EventRounds "9"]
[EventCountry "USA"]

1. e4 c5 2. Nf3 d6 3. d4 cxd4 4. Nxd4 Nf6 5. Nc3 a6 6. Be2 e5 7. Nb3 Be7 8. Bg5
Be6 9. Bxf6 Bxf6 10. Qd3 O-O 11. O-O Qc7 12. Rfd1 Be7 13. Nd5 Bxd5 14. Qxd5 Nd7
15. c3 b5 16. Qd3 Nb6 17. Nd2 f5 18. exf5 d5 19. Nf1 Rad8 20. Ng3 Kh8 21. Bg4
Nc4 22. Qe2 e4 23. a4 Bc5 24. axb5 axb5 25. Kh1 Qf4 26. f3 Ne3 27. Rd2 Rd6 28.
Nh5 Qg5 29. Qxb5 Bb6 30. Qb4 Rfd8 31. Ng3 Nxg4 32. Nxe4 Qxd2 33. Nxd6 Nf2+ 34.
Kg1 Nd1+ 35. Qxb6 Qe1# 0-1

[Event "Philadelphia Open"]
[Site "Philadelphia"]
[Date "2017.04.14"]
[Round "5.20"]
[White "Homa, Seth"]
[Black "Glick, Michael A"]
[Result "1-0"]
[WhiteElo "2326"]
[BlackElo "2129"]
[PlyCount "61"]
[EventDate "2017.04.??"]
[EventType "swiss"]
[EventRounds "9"]
[EventCountry "USA"]

1. c4 c5 2. Nf3 Nf6 3. Nc3 Nc6 4. d4 cxd4 5. Nxd4 g6 6. e4 d6 7. Be2 Bg7 8. Be3
Nxd4 9. Qxd4 O-O 10. Qd2 b6 11. O-O Bb7 12. f3 Qd7 13. Rfd1 Rfd8 14. a4 Qe8 15.
a5 Nd7 16. b4 e6 17. a6 Bc8 18. Ra3 Qe7 19. Nb5 Bf8 20. Bf4 e5 21. Bg5 Nf6 22.
c5 bxc5 23. bxc5 d5 24. Nd6 Rxd6 25. cxd6 Qxd6 26. Raa1 Qb6+ 27. Kh1 dxe4 28.
Qd8 Qf2 29. Qxf6 Qxe2 30. Rd2 Qc4 31. Rd8 1-0

[Event "Philadelphia Open"]
[Site "Philadelphia"]
[Date "2017.04.14"]
[Round "5.23"]
[White "Duran Trujillo, Reinaldo R"]
[Black "Pressman, Leif A"]
[Result "0-1"]
[WhiteElo "2126"]
[BlackElo "2288"]
[PlyCount "104"]
[EventDate "2017.04.??"]
[EventType "swiss"]
[EventRounds "9"]
[EventCountry "USA"]

1. e4 e5 2. Nf3 Nc6 3. Bb5 a6 4. Bxc6 dxc6 5. O-O Bg4 6. h3 h5 7. d3 Qf6 8.
Nbd2 g5 9. c3 Bxf3 10. Qxf3 Qxf3 11. Nxf3 f6 12. d4 g4 13. hxg4 hxg4 14. Nh2
exd4 15. cxd4 O-O-O 16. Rd1 Re8 17. f3 gxf3 18. gxf3 Bd6 19. Ng4 f5 20. exf5
Rh5 21. f6 Rf8 22. Be3 Nxf6 23. Rd2 Rfh8 24. Rad1 Nxg4 25. fxg4 Rh3 26. Bf2 Rg8
27. Kf1 Rxg4 28. Rd3 Rh1+ 29. Ke2 Re4+ 30. Kd2 Rh2 31. Rf1 Rf4 32. Ke2 c5 33.
d5 c4 34. Rf3 Re4+ 35. Re3 Rxe3+ 36. Kxe3 Bc5+ 37. Kf3 Bxf2 38. Rxf2 Rxf2+ 39.
Kxf2 Kd7 40. Ke3 Kd6 41. Kd4 b5 42. a4 bxa4 43. Kxc4 Ke5 44. Kc5 a5 45. Kb5 a3
46. bxa3 Kxd5 47. a4 c5 48. Kxa5 Kc6 49. Ka6 c4 50. Ka7 c3 51. a5 c2 52. a6
c1=Q 0-1

[Event "Philadelphia Open"]
[Site "Philadelphia"]
[Date "2017.04.14"]
[Round "5.26"]
[White "Guo, Arthur"]
[Black "Volkov, Dmitriy"]
[Result "0-1"]
[WhiteElo "2061"]
[BlackElo "2248"]
[PlyCount "66"]
[EventDate "2017.04.??"]
[EventType "swiss"]
[EventRounds "9"]
[EventCountry "USA"]

1. e4 c5 2. Nf3 Nc6 3. d4 cxd4 4. Nxd4 Nf6 5. Nc3 e5 6. Ndb5 d6 7. Bg5 a6 8.
Na3 b5 9. Nd5 Be7 10. Bxf6 Bxf6 11. c3 Ne7 12. Nxf6+ gxf6 13. Nc2 Bb7 14. Bd3
d5 15. Qe2 Qb6 16. O-O f5 17. exd5 e4 18. Rfe1 Nxd5 19. Nd4 O-O-O 20. Bc2 Rhg8
21. g3 Nf4 22. Qf1 Qh6 23. Re3 Rg5 24. Kh1 Rh5 25. Qg1 Nh3 26. Qg2 Rg8 27. Rae1
Nf4 28. Qg1 Nd5 29. R3e2 Nf6 30. h4 f4 31. Rxe4 fxg3 32. fxg3 Rxh4+ 33. gxh4
Qxh4+ 0-1

[Event "Philadelphia Open"]
[Site "Philadelphia"]
[Date "2017.04.14"]
[Round "5.28"]
[White "Jayaraman, Arvind"]
[Black "Frenkel, Benjamin"]
[Result "1/2-1/2"]
[WhiteElo "2198"]
[BlackElo "1899"]
[PlyCount "70"]
[EventDate "2017.04.??"]
[EventType "swiss"]
[EventRounds "9"]
[EventCountry "USA"]

1. d4 Nf6 2. c4 g6 3. Nc3 d5 4. cxd5 Nxd5 5. g3 Bg7 6. Bg2 Nxc3 7. bxc3 c5 8.
Nf3 Nc6 9. O-O cxd4 10. cxd4 Nxd4 11. Nxd4 Qxd4 12. Rb1 Qxd1 13. Rxd1 O-O 14.
Bg5 Bf6 15. Bxf6 exf6 16. Bxb7 Rb8 17. Bxc8 Rfxc8 18. Rxb8 Rxb8 19. Rd7 a5 20.
Rd5 Rb2 21. Rxa5 Rxe2 22. Kg2 g5 23. Kf3 Re1 24. Rd5 Kf8 25. Rd2 Rh1 26. h4 Ke7
27. Ke2 Rc1 28. Ke3 h5 29. a3 Ra1 30. Rd3 Ke6 31. f4 Ra2 32. Kd4 Kd6 33. Rc3
Ra1 34. Kd3 Kd5 35. Ke3 Ra2 1/2-1/2

[Event "Philadelphia Open"]
[Site "Philadelphia"]
[Date "2017.04.14"]
[Round "5.29"]
[White "Samadashvili, Martha"]
[Black "Huang, Andy"]
[Result "0-1"]
[WhiteElo "1958"]
[BlackElo "2196"]
[PlyCount "82"]
[EventDate "2017.04.??"]
[EventType "swiss"]
[EventRounds "9"]
[EventCountry "USA"]

1. e4 c5 2. d3 g6 3. f4 Bg7 4. Nf3 e6 5. Be2 Ne7 6. c3 d5 7. e5 O-O 8. d4 b6 9.
O-O Ba6 10. Bxa6 Nxa6 11. Qe2 Qc8 12. Na3 Nb8 13. Be3 Qa6 14. Qf2 cxd4 15. cxd4
Nbc6 16. Nb1 Rfc8 17. Nc3 Na5 18. g4 b5 19. Rac1 Nc4 20. b3 Nxe3 21. Qxe3 Bf8
22. Kh1 Rc7 23. Qd3 Rac8 24. Rc2 Nc6 25. Rfc1 Ba3 26. f5 Nd8 27. Qe3 Bxc1 28.
Rxc1 Kf8 29. Ng5 h6 30. Nh7+ Kg7 31. Nf6 Nb7 32. Ne2 Rxc1+ 33. Nxc1 b4 34. Ne2
Rc2 35. Ng3 Qxa2 36. Ngh5+ gxh5 37. Nxh5+ Kg8 38. Nf6+ Kf8 39. Qxh6+ Ke7 40.
Ng8+ Kd7 41. fxe6+ Kc7 0-1

[Event "Philadelphia Open"]
[Site "Philadelphia"]
[Date "2017.04.14"]
[Round "5.30"]
[White "Kumar, Aravind"]
[Black "Umayan, Vincent"]
[Result "1-0"]
[WhiteElo "2188"]
[BlackElo "1983"]
[PlyCount "48"]
[EventDate "2017.04.??"]
[EventType "swiss"]
[EventRounds "9"]
[EventCountry "USA"]

1. d4 Nf6 2. c4 e6 3. Nc3 Bb4 4. f3 d5 5. a3 Bxc3+ 6. bxc3 h6 7. cxd5 exd5 8.
e3 O-O 9. Bd3 c5 10. Ne2 Nc6 11. O-O Re8 12. Ng3 Be6 13. Ra2 Rc8 14. Raf2 a6
15. Nf5 Ne7 16. Ng3 Nc6 17. Nf5 Ne7 18. Nxe7+ Qxe7 19. e4 cxd4 20. cxd4 dxe4
21. fxe4 Bg4 22. Qb3 Nxe4 23. Rxf7 Be6 24. Rxe7 Bxb3 1-0

[Event "Philadelphia Open"]
[Site "Philadelphia"]
[Date "2017.04.14"]
[Round "5.33"]
[White "Betaneli, Alexander"]
[Black "Tsay, Vincent"]
[Result "1-0"]
[WhiteElo "2236"]
[BlackElo "1956"]
[PlyCount "53"]
[EventDate "2017.04.??"]
[EventType "swiss"]
[EventRounds "9"]
[EventCountry "USA"]

1. c4 Nf6 2. g3 g6 3. Bg2 Bg7 4. Nc3 d6 5. e4 c5 6. Nge2 Nc6 7. d3 O-O 8. O-O
a6 9. h3 Rb8 10. a4 Ne8 11. Be3 Nd4 12. Rb1 b5 13. axb5 Nxe2+ 14. Qxe2 axb5 15.
Nxb5 Ba6 16. b4 Bxb5 17. cxb5 cxb4 18. Rxb4 Qa5 19. Rfb1 Nc7 20. b6 Ne6 21. b7
Nd8 22. Qc2 Qa6 23. e5 Bxe5 24. Ra4 Qxb7 25. Bxb7 Rxb7 26. Rxb7 Nxb7 27. Qc7
1-0

[Event "Philadelphia Open"]
[Site "Philadelphia"]
[Date "2017.04.14"]
[Round "5.34"]
[White "Garcia, Erick Gumersindo"]
[Black "Der Manuelian, Haik Oliver"]
[Result "0-1"]
[WhiteElo "2187"]
[BlackElo "2098"]
[PlyCount "100"]
[EventDate "2017.04.??"]
[EventType "swiss"]
[EventRounds "9"]
[EventCountry "USA"]

1. d4 d5 2. c4 e6 3. Nc3 Be7 4. cxd5 exd5 5. Nf3 c6 6. Bf4 Bf5 7. e3 Nd7 8. Be2
Ngf6 9. h3 h6 10. O-O O-O 11. Bd3 Bxd3 12. Qxd3 Re8 13. Rab1 a5 14. Ne5 Nxe5
15. Bxe5 Bd6 16. Bxd6 Qxd6 17. Qc2 Ne4 18. Ne2 Qb4 19. Rfd1 a4 20. a3 Qa5 21.
Nf4 Nd6 22. Re1 Nc4 23. Re2 Qc7 24. Nd3 b5 25. Qc3 Re6 26. Nc5 Re7 27. Rbe1
Rae8 28. b3 axb3 29. Qxb3 Ra8 30. Ra1 Qb6 31. a4 Rea7 32. Rea2 bxa4 33. Rxa4
Rxa4 34. Rxa4 Rxa4 35. Qxa4 Qb1+ 36. Kh2 Nd2 37. Qxc6 Nf1+ 38. Kg1 Ng3+ 39. Kh2
Ne2 40. h4 Qg1+ 41. Kh3 Qh1+ 42. Kg4 Qxg2+ 43. Kf5 Qxf2+ 44. Ke5 Qxe3+ 45. Kd6
Qf4+ 46. Ke7 Qxh4+ 47. Ke8 Nxd4 48. Qd6 Qe1+ 49. Kd7 Ne6 50. Nb7 Qc3 0-1

[Event "Philadelphia Open"]
[Site "Philadelphia"]
[Date "2017.04.14"]
[Round "5.37"]
[White "De Fotis, Gary C"]
[Black "Jacobson, Brandon"]
[Result "0-1"]
[WhiteElo "1934"]
[BlackElo "2188"]
[PlyCount "152"]
[EventDate "2017.04.??"]
[EventType "swiss"]
[EventRounds "9"]
[EventCountry "USA"]

1. d4 d5 2. c4 c6 3. Nf3 Nf6 4. Nc3 dxc4 5. a4 a5 6. e3 Bg4 7. Bxc4 e6 8. O-O
Bb4 9. Qd3 Bxf3 10. gxf3 Nbd7 11. e4 O-O 12. e5 Nd5 13. Ne4 f5 14. Ng5 Qe8 15.
Bxd5 cxd5 16. f4 h6 17. Nf3 Qh5 18. Kh1 Nb8 19. Rg1 Nc6 20. Rg3 Rf7 21. Be3 Rc8
22. Rag1 Rfc7 23. Kg2 Bf8 24. Bd2 Qe8 25. Qb5 Bb4 26. Bxb4 axb4 27. Kh1 Kh7 28.
Qb6 Qe7 29. Ne1 Qd8 30. Nf3 Re7 31. Qb5 Qa5 32. Rc1 Qxb5 33. axb5 Na7 34. Rxc8
Nxc8 35. Ne1 b6 36. Rb3 Rc7 37. Nd3 Rc4 38. Rxb4 Rxb4 39. Nxb4 Na7 40. Nc6 Nxb5
41. Kg2 Kg6 42. h4 Kf7 43. Kf3 Ke8 44. Ke3 Kd7 45. Nb4 Na7 46. Kd3 Nc8 47. Ke3
Na7 48. Kd3 Nc6 49. Nc2 Ne7 50. Ne3 Ng6 51. Ng2 Kc6 52. Kc3 Kb5 53. Kb3 Nf8 54.
Ne3 Nh7 55. Ng2 Nf8 56. Ne3 Nd7 57. Nd1 Ka5 58. Ne3 Nb8 59. Nc2 Nc6 60. Kc3 Ka4
61. b3+ Kb5 62. Na3+ Ka5 63. Nc2 Ne7 64. Ne3 Ng6 65. Ng2 Kb5 66. h5 Ne7 67. Nh4
Ka5 68. Nf3 g6 69. Ng5 gxh5 70. Nxe6 h4 71. Ng7 h3 72. Nh5 h2 73. Ng3 Ng6 74.
e6 Kb5 75. Kc2 Kc6 76. Kc3 Nxf4 0-1

[Event "Philadelphia Open"]
[Site "Philadelphia"]
[Date "2017.05.14"]
[Round "5.39"]
[White "Fernandez, Nelson"]
[Black "Kis, Lorand"]
[Result "1-0"]
[WhiteElo "1922"]
[BlackElo "2075"]
[PlyCount "105"]
[EventDate "2017.04.??"]
[EventType "swiss"]
[EventRounds "9"]
[EventCountry "USA"]

1. d4 Nf6 2. c4 g6 3. Nc3 Bg7 4. e4 d6 5. Nf3 O-O 6. Be2 e5 7. d5 Ne8 8. h4 h5
9. Ng5 Nf6 10. f3 c6 11. Be3 a6 12. Qd2 c5 13. Rg1 b5 14. cxb5 axb5 15. Bxb5
Ba6 16. Ba4 Qa5 17. g4 Ra7 18. gxh5 Nxh5 19. Nh3 Rb7 20. Nf2 Rb4 21. Bc6 Qb6
22. Rb1 Qd8 23. Bg5 Qc7 24. Be3 Nd7 25. a3 Rb3 26. Ba4 Rbb8 27. Bxd7 Qxd7 28.
Bh6 Nf4 29. Bxg7 Kxg7 30. Rg4 Rh8 31. b4 cxb4 32. axb4 Qe7 33. b5 Bc8 34. Rxf4
exf4 35. Qxf4 Rxh4 36. Qg3 Qf6 37. Rb3 Bd7 38. Ke2 Rh5 39. Ke3 Bc8 40. Ne2 Qa1
41. Qxd6 Ra8 42. Qc6 Kg8 43. Nd3 Rh2 44. Qe8+ Kg7 45. Qe5+ Qxe5 46. Nxe5 g5 47.
b6 Ba6 48. Nc3 f6 49. Nc6 Bb7 50. Nb5 g4 51. Nd6 Rha2 52. Kf4 g3 53. Nf5+ 1-0